Publications of the International agricultural research and development centers
Guardat en:
| Autor principal: | |
|---|---|
| Format: | Llibre |
| Idioma: | Undetermined |
| Publicat: |
Manila
IRRI
1984
|
| Matèries: | |
| Etiquetes: |
Afegir etiqueta
Sense etiquetes, Sigues el primer a etiquetar aquest registre!
|
| Thư viện lưu trữ: | Trung tâm Học liệu Trường Đại học Cần Thơ |
|---|
| LEADER | 00531nam a2200181Ia 4500 | ||
|---|---|---|---|
| 001 | CTU_29038 | ||
| 008 | 210402s9999 xx 000 0 und d | ||
| 082 | |a 016.630 | ||
| 082 | |b I71p/1984 | ||
| 100 | |a IRRI | ||
| 245 | 0 | |a Publications of the International agricultural research and development centers | |
| 245 | 0 | |c IRRI | |
| 260 | |a Manila | ||
| 260 | |b IRRI | ||
| 260 | |c 1984 | ||
| 650 | |a agriculture - bibliography | ||
| 904 | |i Nguyễn Quang Điền, 990310 | ||
| 980 | |a Trung tâm Học liệu Trường Đại học Cần Thơ | ||